Life skills : (Record no. 9495)
[ view plain ]
| 000 -LEADER | |
|---|---|
| fixed length control field | 00842nam a22002532 4500 |
| 001 - CONTROL NUMBER | |
| control field | 0000020778 |
| 005 - DATE AND TIME OF LATEST TRANSACTION | |
| control field | 20151217152221.0 |
| 008 - FIXED-LENGTH DATA ELEMENTS--GENERAL INFORMATION | |
| fixed length control field | 111014s xx 000 0 eng d |
| 020 ## - INTERNATIONAL STANDARD BOOK NUMBER | |
| International Standard Book Number | 9966225560 : |
| 040 ## - CATALOGING SOURCE | |
| Original cataloging agency | KABU |
| Transcribing agency | KABU |
| 100 1# - MAIN ENTRY--PERSONAL NAME | |
| Personal name | Wanjama, Leah Njambi. |
| -- | 0000181330 |
| 245 10 - TITLE STATEMENT | |
| Title | Life skills : |
| Remainder of title | a handbook for parents and teachers / |
| Statement of responsibility, etc. | Leah Njambi Wanjama, Phyllis Muraya, Shiphrah Nyakeru Gichaga. |
| 250 ## - EDITION STATEMENT | |
| Edition statement | 1st ed. |
| 260 ## - PUBLICATION, DISTRIBUTION, ETC. (IMPRINT) | |
| Place of publication, distribution, etc. | Nairobi : |
| Name of publisher, distributor, etc. | J. K. F., |
| Date of publication, distribution, etc. | 2006. |
| 300 ## - PHYSICAL DESCRIPTION | |
| Extent | vii, 130 p. |
| 650 #0 - SUBJECT ADDED ENTRY--TOPICAL TERM | |
| Topical term or geographic name as entry element | Life skills. |
| -- | 0000022975 |
| 650 #0 - SUBJECT ADDED ENTRY--TOPICAL TERM | |
| Topical term or geographic name as entry element | Youth |
| General subdivision | Counseling of. |
| -- | 0000181331 |
| 650 #0 - SUBJECT ADDED ENTRY--TOPICAL TERM | |
| Topical term or geographic name as entry element | Counseling. |
| -- | 0000148083 |
| 700 1# - ADDED ENTRY--PERSONAL NAME | |
| Personal name | Muraya, Phyllis Njoki. |
| -- | 0000181332 |
| 700 1# - ADDED ENTRY--PERSONAL NAME | |
| Personal name | Gichaga, Shiphrah Nyakeru. |
| -- | 0000181333 |
| 852 1# - LOCATION | |
| -- | p475 KES |
| 908 ## - PUT COMMAND PARAMETER (RLIN) | |
| Put command parameter | 111014 |
| 950 ## - LOCAL HOLDINGS (RLIN) | |
| -- | 1 |
| Withdrawn status | Lost status | Source of classification or shelving scheme | Not for loan | Home library | Current library | Date acquired | Total Checkouts | Full call number | Barcode | Date last seen | Price effective from | Koha item type | Total Renewals | Date last checked out |
|---|---|---|---|---|---|---|---|---|---|---|---|---|---|---|
| Library of Congress Classification | Kabarak, Main Campus | Kabarak, Main Campus | 17/12/2015 | HQ796 .W36 2006 c. 2 | 21524 | 17/12/2015 | 17/12/2015 | General Collection | ||||||
| Library of Congress Classification | Kabarak, Nakuru City Campus | Kabarak, Nakuru City Campus | 17/12/2015 | 6 | HQ796 .W36 2006 c. 1 | 21523 | 10/05/2022 | 17/12/2015 | General Collection | 1 | 22/02/2022 |